| 000 | 01503cam a2200349 a 4500 | ||
|---|---|---|---|
| 999 |
_c19961 _d19961 |
||
| 001 | 4371258 | ||
| 005 | 20170118084732.0 | ||
| 008 | 901015s1990 pl a b 000 0 eng | ||
| 010 | _a 90204303 | ||
| 020 | _a8301044594 | ||
| 050 | 0 | 0 | _aNA6097.6 .S73G37 1990 |
| 100 | 1 | _aGartkiewicz, Przemysław M. | |
| 245 | 1 | 4 |
_aThe Cathedral in Old Dongola and its antecedents / _cPrzemysław M. Gartkiewicz. |
| 260 |
_aWarszawa : _bPaństwowe Wydawn. Nauk., _c1990. |
||
| 300 |
_a326 p. : _bill. ; _c30 cm. |
||
| 490 | 1 |
_aNubia ; _v1. _aDongola, _x0860-7923 ; _v2 |
|
| 500 | _aTitle on added t.p.: Katedra w Starej Dongoli i poprzedzające ją budowle. | ||
| 500 | _aAt head of title: Zakład Archeologii Śródziemnomorskiej Polskiej Akademii Nauk i Polska Stacja Archeologii Śródziemnomorskiej Uniwersytetu Warszawskiego w Arabskiej Republice Egiptu. | ||
| 504 | _aIncludes bibliographical references. | ||
| 650 | 0 |
_aCoptic church buildings _zSudan _zDunqulah. |
|
| 740 | 0 | _aKatedra w Starej Dongoli i poprzedzające ją budowle. | |
| 830 | 0 |
_aNubia (Series) ; _v1. |
|
| 830 | 0 |
_aNubia (Series). _pDongola ; _v2. |
|
| 942 |
_2lcc _cBOOKS _hNA6097.6 .S73G37 1990 |
||